• 首页
  • 本馆介绍
  • 公告通知
  • 最新文献
  • 馆藏检索
  • 电子资源
  • 读者导购
  • 参考咨询
  • 我的图书馆
  • 登录
  • 详细信息显示
  • 放入我的书架
  • 预约/预借图书
  • 作者相关作品
  • 分类相关作品
  • 丛书相关作品
  • 出版社相关作品

书目信息

  • 表格格式
  • 工作单格式
  • 卡片格式
题名:
零售业规范服务图解手册
    
 
作者: 凌一 , 马飞鹏 编著
分册:  
出版信息: 深圳   海天出版社  2007
页数: 223页
开本: 24cm
丛书名: 服务业实务图解手册系列
单 册:
中图分类: F724.2-64
科图分类:
主题词: 零售业--商业服务--规范--中国--图解
电子资源:
ISBN: 978-7-80697-909-9
000 01004oam2 2200289 450
001 012004117743
005 20070807150805.50
009 012004117743
010    @a978-7-80697-909-9@dCNY25.00
035    @a(110017)062007008269
100    @a20070313d2007 em y0chiy0110 ea
101 0  @achi
102    @aCN@b440000
105    @aa z 000yy
106    @ar
200 1  @a零售业规范服务图解手册@Aling shou ye gui fan fu wu tu jie shou ce@f凌一, 马飞鹏编著@Fling yi , ma fei peng bian zhu
210    @a深圳@c海天出版社@d2007
215    @a223页@d24cm
225 2  @a服务业实务图解手册系列@Afu wu ye shi wu tu jie shou ce xi lie@v1
330    @a本书介绍了零售业的从业要求、卖场服务、收银作业、商品陈列、商品物流、安保环卫、售后服务等内容。
461  0 @12001 @a服务业实务图解手册系列@v1
606 0  @a零售业@x商业服务@x规范@y中国@j图解
690    @aF724.2-64@v4
701  0 @a凌一@Aling yi@4编著
701  0 @a马飞鹏@Ama fei peng@4编著
801  0 @aCN@b110017@c20070807
905    @dF724.2-64@e51@f1
    
    零售业规范服务图解手册/凌一, 马飞鹏编著.-深圳:海天出版社,2007
    223页;24cm.-(服务业实务图解手册系列;1)
    
    
    ISBN 978-7-80697-909-9:CNY25.00
    本书介绍了零售业的从业要求、卖场服务、收银作业、商品陈列、商品物流、安保环卫、售后服务等内容。
●
相关链接 在E读中查询图书 在五车中查询图书 在当当中查询图书 在豆瓣中查询图书


正题名:零售业规范服务图解手册     索取号:F724.2-64/51         预约/预借

序号 登录号 条形码 馆藏地/架位号 状态 备注
1 0853132   208531329   第一样本阅览室/ [索取号:F724.2-64/51] 在馆    
唐山师范学院图书馆 欢迎您!
大连网信软件有限公司© 版权所有